000 00610nam a22002172 4500
001 0000000991
005 20151217151802.0
008 070223s xx 000 0 eng d
020 _a0825424844 :
_cKES2,950
040 _aKABU
_cKABU
050 0 _aBT823
_b.D44
100 1 _aDe Haan, M. R.
_@0000149460
245 1 0 _aSigns of the times.
260 _aGrand Rapids, MI. :
_bKregel,
_c1996.
300 _a182 p.
650 0 _aEschatology
_xSermons.
_@0000149461
650 0 _aEnd of the world
_xSermons.
_@0000149462
908 _a070223
950 _@1
999 _c5019
_d5019